000 00302nam a22001217a 4500
041 _aENG
100 _aNair .K
245 _aKey Speech -Initiators & Speech -Unit Patterns
260 _aDelhi
_bAdult Faculties
_c2003
300 _a64
650 _aCompetitive Exam
856 _uCompetitive Exam ( 36 )
999 _c939
_d939